Statistics for Disney World Rides - EPCOT

Click here to take the quiz!

General Stats

  • This quiz has been taken 24 times
  • The average score is 6 of 11

Answer Stats

Answer% Correct
Soarin'
83%
Spaceship Earth
74%
Test Track
74%
Frozen Ever After
70%
Mission Space
70%
Living with the Land
57%
Guardians of the Galaxy: Cosmic Rewind
52%
Journey into Imagination with Figment
52%
Remy’s Ratatouille Adventure
43%
The Seas with Nemo and Friends
39%
Gran Fiesta Tour Starring The Three Caballeros
35%

Score Distribution

Percentile by Number Answered

Percent of People with Each Score

Your Score History

You have not taken this quiz